Statistics for Every Earth, Wind & Fire song that hit the Billboard hot 100

Click here to take the quiz!

General Stats

  • This quiz has been taken 7 times
  • The average score is 8 of 33

Answer Stats

Peak Chart PositionYearSong% Correct
81979September
100%
61979Boogie Wonderland
86%
31981Let's Groove
57%
11975Shining Star
43%
21979After The Love Has Gone
43%
321978Fantasy
29%
641980Star
29%
581979In The Stone
29%
931971Love Is Life
29%
91978Got To Get You Into My Life
29%
121975That's The Way Of The World
29%
131978Serpentine Fire
14%
521974Keep Your Head To The Sky
14%
761983Side By Side
14%
671988Thinking Of You
14%
51976Sing A Song
14%
601987System Of Survival
14%
591981And Love Goes On
14%
571983Magnetic
14%
551974Kalimba Story
14%
531993Sunday Morning
14%
511982Wanna Be With You
14%
171983Fall In Love With Me
14%
501975Hot Dawgit
14%
501973Evil
14%
481980You
14%
441975Sun Goddess
14%
121976Getaway
14%
391976Can't Hide Love
14%
331974Devotion
14%
291974Mighty Mighty
14%
211977Saturday Nite
14%
441980Let Me Talk
14%

Score Distribution

Percentile by Number Answered

Percent of People with Each Score

Your Score History

You have not taken this quiz